00575 2200217 4500001002100000005001500021035002000036245007200056100001300128250000600141300003300147700002200180260003100202082001000233084001600243020002200259650002500281990001700306990001700323990001700340INLIS00000000000035820181010033007 a0010-10180000481 aSelamat Datang Kehidupan /cSema Gul; Penerjemah, Astri K. Cil, S.S0 aSema Gul a- a32 hlm. :bilus. ;c28,5 cm.0 aAstri K. Cil, S.S aBogor :bYudhistira,c2007 a612.6 a612.6 SEM s a978-979-019-001-6 aFisiologi Reproduksi a01428/P/2018 a01429/P/2018 a01430/P/2018